Doubles types représentés par 1 seul Pokémon- Retrouvez le Pokémon - Statistiques

Statistiques générales
  • Ce quiz a été pris 184 fois
  • Le résultat moyen est 13 sur 17
Statistiques - réponses
Double type Représentant % Correct
Eau/Feu Volcanion
97%
Spectre/Electrik Motisma
90%
Spectre/Glace Momartik
88%
Electrik/Feu Motisma Chaleur
88%
Acier/Feu Heatran
84%
Acier/Eau Pingoléon
84%
Eau/Normal Castorno
78%
Spectre/Insecte Munja
76%
Combat/Glace Crabominable
74%
Glace/Feu Darumacho de Galar Mode Transe
73%
Ténèbres/Insecte Gambex
73%
Fée/Glace Feunard d'Alola
68%
Combat/Sol Fort-Ivoire
68%
Fée/Combat Garde-de-Fer
65%
Ténèbres/Electrik Morpeko
64%
Psy/Electrik Raichu d'Alola
58%
Roche/Combat Terrakium
58%
Aucun quiz correspondant
Distribution des résultats
% des personnes avec chaque résultat
Percentile par nombre de réponses
Votre historique - résultats
Vous n’avez pas pris ce quiz